[Event "ICS rated blitz match"]
[Site "204.178.125.65"]
[Date "1999.08.12"]
[Round "?"]
[White "Secret"]
[Black "Hossa"]
[Result "1-0"]
[WhiteElo "2584"]
[BlackElo "2472"]
[PlyCount "161"]
[EventDate "1999.??.??"]

1. Nf3 b6 2. g3 Bb7 3. Bg2 e6 4. O-O d5 5. d4 c5 6. dxc5 Bxc5 7. c4 Ne7 8. Nc3
O-O 9. cxd5 exd5 10. Qc2 Nbc6 11. Bd2 Nb4 12. Qb3 Re8 13. Rfe1 Rc8 14. Rad1 Qd7
15. Bf4 Qf5 16. a3 Qc2 17. Qa4 Qxa4 18. Nxa4 Nc2 19. b4 Nxe1 20. Rxe1 g5 21.
Bxg5 Bd6 22. Bf6 Rc2 23. Nc3 Nc6 24. Nb5 Bb8 25. e3 a6 26. Nbd4 Rc4 27. Nf5 Re6
28. Ba1 b5 29. Nd2 Rc2 30. Nb3 Nd8 31. Nc5 Bc6 32. Nd4 Ra2 33. Ndxe6 Nxe6 34.
Nxa6 Ba7 35. Be5 Rxa3 36. Nc7 Nxc7 37. Bxc7 Ra4 38. Bd6 Ra6 39. Rc1 Bb7 40. Bf4
Bb6 41. Rd1 Ra4 42. Bxd5 Bc8 43. Bc6 Rxb4 44. Rd5 Rb1+ 45. Kg2 f5 46. Rxb5 Rxb5
47. Bxb5 Be6 48. Bc6 h5 49. Be8 Bf7 50. Bd7 Bg6 51. Be6+ Kg7 52. Be5+ Kf8 53.
Bf6 Bc5 54. Kh3 Be7 55. Bxe7+ Kxe7 56. Bd5 Kf6 57. Kh4 Be8 58. Bf3 Bf7 59. Bxh5
Bc4 60. f4 Bd5 61. h3 Bc6 62. g4 Be4 63. g5+ Kg7 64. Kg3 Bd5 65. h4 Be4 66. Bf3
Bd3 67. h5 Kh7 68. Kf2 Bb1 69. Bc6 Kg8 70. e4 fxe4 71. Bd5+ Kh8 72. Ke3 Kg7 73.
h6+ Kf8 74. g6 Ke7 75. g7 Bc2 76. g8=Q Kd6 77. h7 Bd1 78. h8=Q Kc5 79. Qd4+ Kb5
80. Qb8+ Ka6 81. Qdb6# {Hossa checkmated} 1-0

[Event "ICS rated blitz match"]
[Site "204.178.125.65"]
[Date "1999.08.12"]
[Round "?"]
[White "Hossa"]
[Black "Secret"]
[Result "0-1"]
[WhiteElo "2461"]
[BlackElo "2595"]
[PlyCount "154"]
[EventDate "1999.??.??"]

1. d4 d5 2. c4 dxc4 3. e4 e5 4. dxe5 Qxd1+ 5. Kxd1 Nc6 6. f4 Bg4+ 7. Be2 Rd8+
8. Bd2 Bxe2+ 9. Nxe2 Nb4 10. Rf1 Bc5 11. Na3 Nd3 12. Nxc4 b5 13. Na5 Nxb2+ 14.
Kc2 Bb6 15. Nc6 Rd7 16. Nc3 Nc4 17. Bc1 Ne7 18. Nxe7 Rxe7 19. Nxb5 c6 20. Na3
Na5 21. Rb1 Rd7 22. f5 Rd4 23. Re1 Ra4 24. e6 fxe6 25. fxe6 O-O 26. Kd3 Re8 27.
e5 h5 28. Bb2 Bc5 29. Nc2 Rd8+ 30. Bd4 Be7 31. Ke3 c5 32. Bc3 Nc4+ 33. Kf2 Rd3
34. Ba1 Rxa2 35. Re2 Ra6 36. Rb7 Rxe6 37. Rxa7 Bg5 38. Ne1 Be3+ 39. Kf3 Rd1 40.
Ke4 Re8 41. Nf3 Bh6 42. Kf5 Rd6 43. Ke4 Rdd8 44. Kf5 Ne3+ 45. Ke4 Ng4 46. Rc2
Rf8 47. g3 Rde8 48. Ra3 Nf6+ 49. Kd3 Nd7 50. Kc4 Re6 51. Rca2 Rf7 52. Rd3 Rb6
53. Ra8+ Kh7 54. Bc3 Rb7 55. Rd8 Nb6+ 56. Kxc5 Na4+ 57. Kd6 Rb6+ 58. Kd5 Rb3
59. e6 Rc7 60. e7 Rxe7 61. Kd4 Rf7 62. Ne5 Rf2 63. h4 Rc2 64. Rc8 Bc1 65. Rf8
Nxc3 66. Kc4 Rb7 67. Rdf3 Nd1+ 68. Kd3 Rd2+ 69. Kc4 Rc7+ 70. Kb5 Nc3+ 71. Rxc3
Rb2+ 72. Ka6 Rxc3 73. Rf3 Rc8 74. Ka7 Rc5 75. Nc6 Rxc6 76. g4 Rc4 77. g5 77...
Ra4# {Hossa checkmated} 0-1

[Event "ICS Rated blitz match"]
[Site "204.178.125.65"]
[Date "1999.08.12"]
[Round "?"]
[White "jacdion"]
[Black "Hossa"]
[Result "1-0"]
[WhiteElo "2674"]
[BlackElo "2451"]
[PlyCount "94"]
[EventDate "1999.??.??"]

1. d4 e6 2. c4 Nf6 3. Nf3 d5 4. Nc3 Bb4 5. cxd5 exd5 6. Bg5 O-O 7. e3 c5 8. Be2
cxd4 9. Nxd4 Bxc3+ 10. bxc3 Nbd7 11. O-O Qc7 12. Nb5 Qc6 13. Bf4 Ne8 14. Qd4 a6
15. Na7 Qc5 16. Nxc8 Rxc8 17. Rfb1 b5 18. a4 Qxc3 19. Qxd5 Nef6 20. Qd1 Rfd8
21. Rc1 Qb4 22. Rxc8 Rxc8 23. axb5 axb5 24. Rb1 Qc3 25. Bxb5 Nc5 26. Rc1 Qa5
27. Bf1 Ra8 28. Qc2 Ne6 29. Bd6 Qd5 30. Rd1 Qh5 31. Be2 Qg5 32. Bd3 Re8 33. h3
Qh4 34. Ra1 Ng5 35. Qc6 Kh8 36. Be7 Nxh3+ 37. gxh3 Qg5+ 38. Kh1 Qh5 39. Bxf6
Qxh3+ 40. Kg1 Qg4+ 41. Kf1 Rc8 42. Ra8 Qd1+ 43. Kg2 Qg4+ 44. Kh2 gxf6 45. Qxf6+
Kg8 46. Qh6 f6 47. Qxh7+ 47... Kf8 {Hossa resigns} 1-0

[Event "ICS Rated blitz match"]
[Site "204.178.125.65"]
[Date "1999.08.12"]
[Round "?"]
[White "Hossa"]
[Black "Secret"]
[Result "0-1"]
[WhiteElo "2444"]
[BlackElo "2605"]
[PlyCount "30"]
[EventDate "1999.??.??"]

1. d4 Nf6 2. c4 g6 3. Nc3 d5 4. e3 Bg7 5. Nf3 O-O 6. cxd5 Nxd5 7. e4 Nxc3 8.
bxc3 c5 9. Be3 Bg4 10. Be2 Nc6 11. Rb1 cxd4 12. cxd4 Bxf3 13. Bxf3 Bxd4 14.
Bxd4 Nxd4 15. Rxb7 15... Qa5+ {Hossa resigns} 0-1

[Event "ICS Rated blitz match"]
[Site "204.178.125.65"]
[Date "1999.08.12"]
[Round "?"]
[White "Secret"]
[Black "Hossa"]
[Result "1-0"]
[WhiteElo "2614"]
[BlackElo "2435"]
[PlyCount "100"]
[EventDate "1999.??.??"]

1. Nf3 b6 2. g3 Bb7 3. Bg2 e6 4. O-O d5 5. d4 c5 6. dxc5 Bxc5 7. c4 Ne7 8. Nc3
O-O 9. cxd5 exd5 10. Qc2 f6 11. Rd1 Nbc6 12. Bf4 Nb4 13. Qb3 g5 14. a3 Na6 15.
Bd2 Rf7 16. h4 Qd6 17. e3 g4 18. Nb5 Qd7 19. Nfd4 Nc7 20. Nxc7 Qxc7 21. Rac1
Qd7 22. Qd3 Rc8 23. Bc3 f5 24. h5 a6 25. b4 Bd6 26. Nb3 f4 27. gxf4 Rc4 28. Nd2
Rc8 29. Qd4 Kf8 30. Qh8+ Ng8 31. Bd4 Rxc1 32. Rxc1 Qa4 33. Nb1 a5 34. h6 Qd7
35. Kf1 axb4 36. axb4 Qe8 37. Nc3 Ke7 38. Bxd5 Bxd5 39. Nxd5+ Ke6 40. Nxb6 Qb5+
41. Kg2 Nf6 42. Qc8+ Ke7 43. Rc5 Qxb6 44. Re5+ Bxe5 45. Bxb6 Nd5 46. Bd8+ Kd6
47. f5 Rxf5 48. Qxf5 Bc3 49. Qxh7 g3 50. Kxg3 50... Be5+ {Hossa resigns} 1-0

[Event "ICS Rated blitz match"]
[Site "204.178.125.65"]
[Date "1999.08.12"]
[Round "?"]
[White "Hossa"]
[Black "Secret"]
[Result "1-0"]
[WhiteElo "2427"]
[BlackElo "2622"]
[PlyCount "163"]
[EventDate "1999.??.??"]

1. d4 d5 2. Nf3 Nf6 3. c4 c6 4. Nc3 dxc4 5. e4 b5 6. Ne5 b4 7. Bxc4 e6 8. Ne2
Nxe4 9. Qc2 Nf6 10. Bd3 Qd5 11. O-O Ba6 12. Bxa6 Nxa6 13. Bg5 Rc8 14. Bxf6 gxf6
15. Ng4 Qg5 16. Ne3 Rg8 17. Qxh7 f5 18. Rac1 Rg7 19. Qh3 f4 20. Nc4 Nb8 21. Ne5
Bd6 22. Rfd1 Rc7 23. Nc4 Bf8 24. Rd3 Be7 25. Qf3 Bf8 26. Nxf4 a5 27. Qe4 a4 28.
Rg3 Qd8 29. Qe5 Rxg3 30. fxg3 Qe7 31. Qa5 Bg7 32. Ne2 Rd7 33. Qb6 Rd8 34. Na5
Bh6 35. Nxc6 Be3+ 36. Kh1 Nxc6 37. Qxc6+ Qd7 38. Qxd7+ Kxd7 39. Rc4 Rb8 40. h4
Kd6 41. Kh2 Kd5 42. b3 a3 43. Nf4+ Bxf4 44. gxf4 Ke4 45. Kg3 f5 46. h5 Ke3 47.
Kh4 Kxf4 48. d5+ Ke5 49. dxe6 Kxe6 50. h6 Kf7 51. Kh5 Kf6 52. Rc7 f4 53. h7 Rf8
54. Kh6 Re8 55. Rg7 Re1 56. Rg6+ Kf7 57. Rf6+ Kxf6 58. h8=Q+ Kf7 59. Qd4 Re6+
60. Kh7 Ke8 61. Qxb4 Rf6 62. Qxa3 Kf7 63. Qa7+ Ke6 64. Qa6+ Ke5 65. Qe2+ Kf5
66. Qd3+ Ke5 67. Qc3+ Ke6 68. a4 Kf5 69. Qxf6+ Kxf6 70. a5 Ke5 71. a6 f3 72.
gxf3 Kf4 73. a7 Kxf3 74. a8=Q+ Ke3 75. Qd8 Ke4 76. Qd2 Ke5 77. Kg7 Ke4 78. Kf6
Kf3 79. Kf5 Kg3 80. Qe2 Kh3 81. Kf4 Kh4 82. Qh2# {Secret checkmated} 1-0

[Event "ICS Rated blitz match"]
[Site "204.178.125.65"]
[Date "1999.08.12"]
[Round "?"]
[White "Secret"]
[Black "Hossa"]
[Result "1-0"]
[WhiteElo "2598"]
[BlackElo "2451"]
[PlyCount "67"]
[EventDate "1999.??.??"]

1. e4 e5 2. Nf3 Nc6 3. Bc4 Bc5 4. c3 f5 5. d4 exd4 6. Ng5 Qe7 7. Bf7+ Kf8 8.
Bxg8 Kxg8 9. cxd4 Nxd4 10. Be3 Bb4+ 11. Nc3 Ne6 12. Qb3 fxe4 13. Nxe6 dxe6 14.
O-O Bxc3 15. Qxc3 c6 16. f3 exf3 17. Rxf3 Bd7 18. Bc5 Qe8 19. Rd1 Rd8 20. Rf8+
Qxf8 21. Bxf8 Kxf8 22. Qb4+ Ke8 23. Qxb7 Rf8 24. g4 Rf4 25. h3 Ra4 26. Qc7 a5
27. Qe5 Bc8 28. Rf1 Rdd4 29. Qc7 Ba6 30. Rf7 Rd1+ 31. Kg2 Rd2+ 32. Kg3 Ra3+ 33.
bxa3 Rf2 34. Qd7# {Hossa checkmated} 1-0

[Event "ICS Rated blitz match"]
[Site "204.178.125.65"]
[Date "1999.08.12"]
[Round "?"]
[White "Argentino"]
[Black "Hossa"]
[Result "0-1"]
[WhiteElo "2290"]
[BlackElo "2441"]
[PlyCount "84"]
[EventDate "1999.??.??"]

1. e4 e5 2. Nf3 Nc6 3. Nc3 Bb4 4. Nd5 Nf6 5. Nxb4 Nxb4 6. Bc4 d6 7. c3 Be6 8.
Bxe6 Nd3+ 9. Kf1 fxe6 10. g3 Ng4 11. Kg2 O-O 12. Qe2 Ngxf2 13. Rf1 Nxc1 14.
Raxc1 Ng4 15. h3 Nf6 16. Qc4 d5 17. exd5 exd5 18. Qb3 Qd6 19. d4 e4 20. Ne5 b6
21. c4 c5 22. cxd5 cxd4 23. Nc6 d3 24. Nd4 Rf7 25. Nf5 Qxd5 26. Qxd5 Nxd5 27.
Rce1 Rxf5 28. Rxf5 d2 29. Rxe4 d1=Q 30. Rf2 Qb1 31. Ree2 Qxa2 32. Kh2 Qb3 33.
Kg2 Ne3+ 34. Kh2 Re8 35. Rd2 Nc4 36. Rc2 Re3 37. Rg2 Rxg3 38. Rcf2 Rxh3+ 39.
Kg1 Qd1+ 40. Rf1 Qd4+ 41. Rff2 Nd2 42. b4 42... Qa1+ {Argentino resigns} 0-1

[Event "ICS Rated blitz match"]
[Site "204.178.125.65"]
[Date "1999.08.12"]
[Round "?"]
[White "Hossa"]
[Black "Sidis"]
[Result "1-0"]
[WhiteElo "2443"]
[BlackElo "2148"]
[PlyCount "53"]
[EventDate "1999.??.??"]

1. d4 Nf6 2. c4 g6 3. Nc3 Bg7 4. e4 d6 5. f3 O-O 6. Be3 e5 7. Nge2 c6 8. Qd2 a6
9. O-O-O Nbd7 10. g4 h5 11. gxh5 Nxh5 12. Bg5 Qc7 13. Bh6 exd4 14. Bxg7 Nxg7
15. Nxd4 Ne5 16. f4 Nd7 17. f5 Nf6 18. Rg1 Re8 19. fxg6 fxg6 20. Rxg6 Nxe4 21.
Nxe4 Rxe4 22. Be2 Re7 23. Bd3 Bd7 24. Qh6 Rf8 25. Rg2 d5 26. Bh7+ Kf7 27. Qg6#
{Sidis checkmated} 1-0

[Event "ICS Rated blitz match"]
[Site "204.178.125.65"]
[Date "1999.08.12"]
[Round "?"]
[White "Hossa"]
[Black "StrongBach"]
[Result "1-0"]
[WhiteElo "2448"]
[BlackElo "1943"]
[PlyCount "65"]
[EventDate "1999.??.??"]

1. d4 d6 2. e4 a5 3. c3 Nc6 4. Bb5 Bd7 5. Qb3 Rb8 6. Be3 e6 7. Ne2 Nf6 8. Nd2
Be7 9. O-O Ng4 10. Qc2 Nxe3 11. fxe3 Bg5 12. Rf3 O-O 13. Bxc6 Bxc6 14. Raf1 Qd7
15. Rg3 Be7 16. Nc4 a4 17. Na5 Rbe8 18. Rh3 Rc8 19. c4 Rfd8 20. d5 Bb5 21. e5
f5 22. exf6 Bxf6 23. dxe6 Qxe6 24. Qxh7+ Kf8 25. Rg3 Qf7 26. cxb5 Rb8 27. Nc3
Rdc8 28. Ne4 Re8 29. Nxf6 gxf6 30. Rxf6 Ke7 31. Rxf7+ Kd8 32. Rxc7 b6 33. Nc6#
{StrongBach checkmated} 1-0

[Event "ICS Rated blitz match"]
[Site "204.178.125.65"]
[Date "1999.08.12"]
[Round "?"]
[White "Diepeveen"]
[Black "Hossa"]
[Result "1-0"]
[WhiteElo "2423"]
[BlackElo "2450"]
[PlyCount "203"]
[EventDate "1999.??.??"]

1. e4 c5 2. Nf3 e6 3. d4 cxd4 4. Nxd4 Nc6 5. Nc3 Bb4 6. Ndb5 Nge7 7. Nd6+ Kf8
8. a3 Bxc3+ 9. bxc3 Qc7 10. Be2 Ne5 11. O-O Qxc3 12. Rb1 Qc7 13. f4 N5g6 14. f5
Ne5 15. Bb2 N7c6 16. Kh1 f6 17. Qd2 Kg8 18. Rf2 b6 19. Rbf1 Bb7 20. Nb5 Qd8 21.
Nd6 Qb8 22. Bb5 Ng4 23. fxe6 Nxf2+ 24. Rxf2 dxe6 25. Bxf6 Qc7 26. Bc4 gxf6 27.
Bxe6+ Kg7 28. Nf5+ Kf8 29. Qh6+ Ke8 30. Ng7+ Kd8 31. Qxf6+ Qe7 32. Rd2+ Kc7 33.
Rd7+ Qxd7 34. Bxd7 Rad8 35. Ne6+ Kxd7 36. Nxd8 Rxd8 37. h4 Kc7 38. e5 b5 39. e6
Bc8 40. Qf7+ Kd6 41. e7 Nxe7 42. Qf6+ Be6 43. Qd4+ Bd5 44. Qxa7 Rg8 45. Qb6+
Bc6 46. Qd4+ Ke6 47. Qe3+ Kf7 48. Qf4+ Ke8 49. Qb8+ Kd7 50. Qa7+ Kd8 51. Qb6+
Kc8 52. Qa6+ Kc7 53. Qa7+ Bb7 54. Qc5+ Nc6 55. Qxb5 Rxg2 56. Qxb7+ Kxb7 57.
Kxg2 Nd4 58. Kg3 Kc6 59. Kf4 Kb5 60. Kg5 Kb6 61. Kh6 Nf5+ 62. Kg5 Ne3 63. Kh6
Ng2 64. h5 Nf4 65. Kg5 Ne2 66. h6 Nd4 67. Kf6 Nf3 68. Kg7 Ng5 69. c4 Kc5 70.
Kf6 Nh3 71. Kg7 Kxc4 72. Kxh7 Ng5+ 73. Kg6 Ne6 74. Kf6 Nf8 75. Kg7 Ne6+ 76. Kg6
Kd4 77. Kf6 Nf8 78. Ke7 Nh7 79. a4 Ke5 80. a5 Kd5 81. Kd7 Kc5 82. Ke6 Kc6 83.
Kf7 Kd6 84. Kg8 Ng5 85. Kf8 Ne6+ 86. Ke8 Ng5 87. Kd8 Nf7+ 88. Kc8 Kc6 89. h7
Nh8 90. Kd8 Kb7 91. Ke7 Ng6+ 92. Kf6 Nf4 93. h8=Q Nd5+ 94. Ke5 Ne7 95. Qg7 Kc7
96. Qxe7+ Kc6 97. Qd6+ Kb5 98. Kd5 Ka4 99. Qb8 Ka3 100. Kc4 Ka2 101. Kc3 Ka1
102. Qb2# {Hossa checkmated} 1-0

[Event "ICS Rated blitz match"]
[Site "204.178.125.65"]
[Date "1999.08.12"]
[Round "?"]
[White "flaoli"]
[Black "Hossa"]
[Result "0-1"]
[WhiteElo "2042"]
[BlackElo "2433"]
[PlyCount "58"]
[EventDate "1999.??.??"]

1. e4 c5 2. Nf3 e6 3. c3 d5 4. e5 Nc6 5. d4 Bd7 6. Be2 cxd4 7. cxd4 Bb4+ 8. Nc3
Nge7 9. a3 Bxc3+ 10. bxc3 O-O 11. O-O f6 12. Bf4 Ng6 13. Bg3 fxe5 14. Nxe5
Ncxe5 15. Bxe5 Nxe5 16. dxe5 Qh4 17. g3 Qe4 18. f4 Qe3+ 19. Rf2 Qxc3 20. Rc1
Qxa3 21. Rc7 Bc6 22. Bd3 Rac8 23. Rxc8 Rxc8 24. Rd2 Ba4 25. Qe2 Rc1+ 26. Kf2
Qc5+ 27. Qe3 Qc3 28. Re2 Bb3 29. f5 29... d4 {flaoli resigns} 0-1

[Event "ICS Rated blitz match"]
[Site "204.178.125.65"]
[Date "1999.08.12"]
[Round "?"]
[White "Hossa"]
[Black "versalles"]
[Result "0-1"]
[WhiteElo "2436"]
[BlackElo "2386"]
[PlyCount "152"]
[EventDate "1999.??.??"]

1. e4 c5 2. Nf3 d6 3. d4 cxd4 4. Nxd4 Nf6 5. Nc3 a6 6. Be3 e5 7. Nf3 Be7 8. Bc4
O-O 9. O-O Be6 10. Qd3 Nc6 11. Rad1 Nb4 12. Qe2 Qc8 13. Bb3 Ng4 14. a3 Nxe3 15.
Qxe3 Bxb3 16. cxb3 Nc6 17. Nd5 Bd8 18. Nd2 Nd4 19. Rc1 Qg4 20. f3 Qh5 21. Qd3
Bg5 22. Rc7 Ne6 23. Rc2 Bf4 24. Nxf4 Nxf4 25. Qxd6 Ne2+ 26. Kh1 Rad8 27. Qb6
Ng3+ 28. Kg1 Nxf1 29. Nxf1 Rb8 30. Rc7 Qg6 31. Qc5 Qe6 32. Qb4 b5 33. Qe7 Qxe7
34. Rxe7 Rfc8 35. Rxe5 Rc2 36. Re7 Ra8 37. Rd7 Rxb2 38. Rd3 Rc8 39. Nd2 Kf8 40.
Kf2 Ke7 41. Rd4 Ra2 42. Rd5 Rxa3 43. g4 Rc3 44. Re5+ Kf6 45. Rd5 Ra2 46. Kg3 h6
47. h4 b4 48. g5+ hxg5 49. hxg5+ Ke6 50. Kf4 f6 51. gxf6 gxf6 52. Rd4 a5 53.
Kg4 Rcc2 54. Nc4 a4 55. bxa4 b3 56. Rd6+ Ke7 57. Rd4 Rxa4 58. Rd3 b2 59. Nxb2
Rxb2 60. Kf5 Ra5+ 61. Kf4 Ke6 62. Rc3 Ra6 63. Kg3 Ke5 64. Rd3 Ra5 65. Rd8 Ra3
66. Re8+ Kd6 67. Rd8+ Ke6 68. Rd1 Re2 69. Rd4 Ree3 70. Kg4 Rxf3 71. Rd8 Rg3+
72. Kh4 Ke5 73. Kh5 Rg5+ 74. Kh4 Kf4 75. Rg8 Rxg8 76. e5 76... Rh8# {
Hossa checkmated} 0-1

[Event "ICS rated blitz match"]
[Site "204.178.125.65"]
[Date "1999.08.12"]
[Round "?"]
[White "Hossa"]
[Black "MiddleHead"]
[Result "1-0"]
[WhiteElo "2442"]
[BlackElo "2239"]
[PlyCount "125"]
[EventDate "1999.??.??"]

1. d4 d6 2. e4 Nf6 3. Nc3 g6 4. Bc4 Bg7 5. Nge2 O-O 6. O-O c6 7. Bg5 b5 8. Bd3
b4 9. Nb1 a5 10. a3 Ba6 11. axb4 axb4 12. Bxa6 Rxa6 13. Rxa6 Nxa6 14. Bxf6 Bxf6
15. Qd3 Qb6 16. Nd2 c5 17. Ra1 Nc7 18. Nc4 Qb5 19. dxc5 Qxc5 20. Ra5 Qc6 21.
Nd4 Bxd4 22. Qxd4 Ne6 23. Qd5 Rc8 24. Qxc6 Rxc6 25. Ne3 Nd4 26. Ra7 e6 27. c4
bxc3 28. bxc3 Rxc3 29. h4 Rc6 30. f3 h5 31. Kf2 Rb6 32. Nc4 Rc6 33. Ne3 Nc2 34.
g3 Nxe3 35. Kxe3 Kg7 36. Kd4 Rb6 37. Kc4 Kf6 38. Rd7 Ra6 39. Kb4 e5 40. Kb5 Ra3
41. Rxd6+ Ke7 42. Rd5 Ke6 43. f4 exf4 44. gxf4 Rh3 45. f5+ Kf6 46. Rd6+ Kg7 47.
fxg6 fxg6 48. e5 Rxh4 49. Rd7+ Kf8 50. Kc5 Rh1 51. e6 h4 52. Rf7+ Kg8 53. Kd6
h3 54. Rf2 Ra1 55. e7 Ra6+ 56. Ke5 Ra5+ 57. Kf6 Ra6+ 58. Kg5 Ra5+ 59. Kh6 Ra8
60. Kxg6 Ra6+ 61. Rf6 Ra8 62. Rd6 Re8 63. Rd8 {MiddleHead resigns} 1-0

[Event "ICS Rated blitz match"]
[Site "204.178.125.65"]
[Date "1999.08.12"]
[Round "?"]
[White "moggy"]
[Black "Hossa"]
[Result "0-1"]
[WhiteElo "2373"]
[BlackElo "2463"]
[PlyCount "110"]
[EventDate "1999.??.??"]

1. e4 c5 2. c3 d5 3. e5 Qa5 4. Na3 Nc6 5. f4 Bf5 6. Nf3 Qb6 7. d3 e6 8. Nc2 Be7
9. Be2 Nh6 10. O-O O-O 11. Kh1 Bg6 12. Rb1 Nf5 13. g4 Nh6 14. Rg1 f5 15. g5 Ng4
16. Rg2 Qa5 17. h3 Ngxe5 18. fxe5 Qxa2 19. Ra1 Qb3 20. Ra3 Qb6 21. Ra1 Qb3 22.
Nce1 Qxd1 23. Bxd1 a6 24. Bf4 Rac8 25. Nd2 Bf7 26. h4 g6 27. Bf3 Rc7 28. Nc2
Rd8 29. Kh2 Bf8 30. Kg3 Bg7 31. Rh2 Bxe5 32. Bxe5 Nxe5 33. Be2 Nd7 34. h5 e5
35. hxg6 f4+ 36. Kf2 Bxg6 37. Nf3 e4 38. Nh4 Ne5 39. Nxg6 Nxg6 40. dxe4 dxe4
41. Bc4+ Kf8 42. Ke1 Ne5 43. Be2 e3 44. Rh3 Rd2 45. Na3 Rxb2 46. Rd1 Rb3 47.
Nc4 Nxc4 48. Bxc4 Rxc3 49. Be6 Rc2 50. Bf5 Rg2 51. Rh4 Rg1+ 52. Ke2 f3+ 53.
Kxf3 Rxd1 54. Kxe3 Re7+ 55. Kf4 55... Rd4+ {moggy resigns} 0-1

[Event "ICS Rated blitz match"]
[Site "204.178.125.65"]
[Date "1999.08.12"]
[Round "?"]
[White "Beadle"]
[Black "Hossa"]
[Result "1-0"]
[WhiteElo "2583"]
[BlackElo "2475"]
[PlyCount "128"]
[EventDate "1999.??.??"]

1. d4 c5 2. d5 e5 3. Nc3 Ne7 4. e4 f5 5. d6 Nec6 6. exf5 Qh4 7. Be3 Nd4 8. g3
Qf6 9. Bxd4 cxd4 10. Qh5+ g6 11. Ne4 Qxf5 12. Qh4 Qe6 13. Bh3 Qc4 14. Nf6+ Kf7
15. Bg2 e4 16. Nxe4 Nc6 17. c3 Bg7 18. b3 Qe6 19. cxd4 Nxd4 20. O-O-O Qe5 21.
Re1 Ne6 22. Qe7+ Kg8 23. Qe8+ Bf8 24. Kb1 Kg7 25. f4 Qa5 26. Rd1 Bxd6 27. Qxh8+
Kxh8 28. Rxd6 Nc5 29. Nh3 Nxe4 30. Bxe4 Qa3 31. Ng5 Rb8 32. f5 gxf5 33. Bxf5
Qc5 34. Rf1 Kg7 35. Rf6 Qe3 36. Rf7+ Kh8 37. Rxh7+ Kg8 38. Nf7 Kf8 39. Nh6 Ke8
40. Bg6+ Kd8 41. Rc1 Qd2 42. g4 a6 43. h3 Ra8 44. Rh8+ Ke7 45. Nf5+ Kf6 46. Bh5
Qd3+ 47. Kb2 d5 48. Rf8+ Ke5 49. Re8+ Kf6 50. h4 Qd2+ 51. Rc2 Qxc2+ 52. Kxc2
Bxf5+ 53. gxf5 Rxe8 54. Bxe8 Kxf5 55. Kc3 Kf6 56. Kd4 Ke7 57. Bh5 Kd6 58. Bg4
b6 59. h5 Ke7 60. Kxd5 Kf7 61. a3 Kg7 62. Kc6 b5 63. b4 Kh6 64. Kb6 64... Kh7 {
Hossa resigns} 1-0

[Event "ICS rated blitz match"]
[Site "204.178.125.65"]
[Date "1999.08.12"]
[Round "?"]
[White "Hossa"]
[Black "Phili-dOr"]
[Result "0-1"]
[WhiteElo "2464"]
[BlackElo "2335"]
[PlyCount "198"]
[EventDate "1999.??.??"]

1. d4 Nf6 2. c4 g6 3. Nc3 Bg7 4. e4 d6 5. Nf3 O-O 6. Be2 e5 7. Bg5 h6 8. Bh4 g5
9. Bg3 Nh5 10. dxe5 Nxg3 11. fxg3 Bxe5 12. Nxe5 dxe5 13. Qxd8 Rxd8 14. Nd5 Na6
15. Rd1 Be6 16. Rf1 c6 17. Nf6+ Kg7 18. a3 Nc5 19. b4 Rxd1+ 20. Kxd1 Rd8+ 21.
Kc2 Nd7 22. Nxd7 Rxd7 23. Bd3 Rd4 24. Kc3 Rd8 25. a4 b6 26. b5 c5 27. a5 Ra8
28. a6 Rf8 29. h3 Kg6 30. g4 Rd8 31. g3 Rd4 32. Rf2 Rd8 33. Rf3 Rd4 34. Rf2 Rd8
35. Rf3 Rd7 36. Kb3 Rd4 37. Kc3 h5 38. gxh5+ Kxh5 39. Rf6 Rd8 40. Be2+ g4 41.
h4 Rg8 42. Kc2 Rg6 43. Rf2 Kh6 44. Rf1 Kg7 45. Kc3 Rh6 46. Bd3 Rh8 47. Rf2 Rd8
48. Rd2 Rd4 49. Rh2 Rd8 50. Rh1 Rf8 51. Re1 f6 52. Re2 Kg6 53. Bc2 Rd8 54. Rf2
Rd4 55. Bd3 Bg8 56. h5+ Kf7 57. Re2 Bh7 58. Re3 Kg7 59. Be2 Rxe4 60. Rxe4 Bxe4
61. Bxg4 f5 62. Be2 Kh6 63. Kd2 Kg5 64. Ke3 Bb1 65. Kf2 f4 66. gxf4+ Kxf4 67.
Kg1 Bh7 68. Kh2 Ke3 69. Bf1 Kf2 70. Bh3 e4 71. Bg4 e3 72. Kh3 e2 73. Bxe2 Kxe2
74. Kg4 Kd3 75. Kf3 Kxc4 76. Ke2 Kxb5 77. h6 Kxa6 78. Kd2 Kb5 79. Kd1 a5 80.
Kd2 Kc4 81. Ke3 b5 82. Kf4 b4 83. Ke5 a4 84. Kf6 a3 85. Ke7 Bc2 86. Kf6 a2 87.
Kf7 a1=Q 88. h7 Qe5 89. h8=Q Qxh8 90. Ke7 b3 91. Ke6 b2 92. Kf7 b1=Q 93. Ke6
Qb6+ 94. Ke7 Qc7+ 95. Ke6 Bf5+ 96. Kxf5 Qhe5+ 97. Kg6 Qcd6+ 98. Kf7 Qee7+ 99.
Kg8 99... Qdd8# {Hossa checkmated} 0-1

[Event "ICS rated blitz match"]
[Site "204.178.125.65"]
[Date "1999.08.12"]
[Round "?"]
[White "Hossa"]
[Black "delta"]
[Result "1-0"]
[WhiteElo "2445"]
[BlackElo "2241"]
[PlyCount "71"]
[EventDate "1999.??.??"]

1. d4 Nf6 2. Nf3 d5 3. c4 e6 4. cxd5 exd5 5. Bg5 Be7 6. Nc3 Be6 7. Qb3 b6 8. e3
Nbd7 9. Bb5 O-O 10. Bc6 Rb8 11. O-O h6 12. Bf4 Nh5 13. Nxd5 Bxd5 14. Qxd5 Nxf4
15. exf4 Nf6 16. Qb5 Bd6 17. Ne5 Kh7 18. Qa6 Nh5 19. Nd7 Qh4 20. g3 Qg4 21.
Qxa7 Nxf4 22. Nxb8 Nh3+ 23. Kg2 Nf4+ 24. Kh1 Ne6 25. Nd7 Re8 26. Nf6+ gxf6 27.
Bxe8 Nxd4 28. Qa8 Ne2 29. Qd5 Kg7 30. Qxf7+ Kh8 31. Qxf6+ Kg8 32. Bf7+ Kh7 33.
Rad1 Qe4+ 34. f3 Qc4 35. Qg6+ Kh8 36. Qxh6# {delta checkmated} 1-0

[Event "ICS rated blitz match"]
[Site "204.178.125.65"]
[Date "1999.08.12"]
[Round "?"]
[White "occam"]
[Black "Hossa"]
[Result "1-0"]
[WhiteElo "2491"]
[BlackElo "2453"]
[PlyCount "137"]
[EventDate "1999.??.??"]

1. d4 c6 2. e4 d5 3. Nd2 Nd7 4. Ngf3 Ngf6 5. e5 Ng8 6. Bd3 c5 7. e6 fxe6 8. Ng5
Ngf6 9. Bxh7 Rxh7 10. Nxh7 cxd4 11. f4 Qa5 12. Nxf8 Nxf8 13. O-O Qb6 14. Kh1
Bd7 15. Nf3 Ba4 16. b3 Bb5 17. Re1 d3 18. Be3 dxc2 19. Qxc2 Qd6 20. Rac1 b6 21.
Qc7 Ne4 22. Nd4 Ba6 23. Qxd6 Nxd6 24. Kg1 Kd7 25. Rc3 Ne4 26. Rc2 Bd3 27. Rc6
Ba6 28. Rec1 Nc5 29. b4 Nd3 30. Rc7+ Kd8 31. R1c3 Nxb4 32. a3 Na2 33. Rc2 Bd3
34. R2c6 Bf5 35. Rb7 Bg4 36. Rc2 Ng6 37. Nb5 e5 38. fxe5 d4 39. Bxd4 Be6 40.
Bxb6+ axb6 41. Rd2+ Ke8 42. Nc7+ Kf7 43. Nxa8 Nf4 44. Rf2 g5 45. g3 Bd5 46. Ra7
Bxa8 47. Rxa8 Nc1 48. gxf4 gxf4 49. Rd8 Ke6 50. Rf3 Kxe5 51. Rd2 Ke4 52. Rc3 e5
53. Rxc1 Kf5 54. Kg2 e4 55. Rd4 Ke5 56. Rcc4 f3+ 57. Kg3 f2 58. Rxe4+ Kd5 59.
Rcd4+ Kc6 60. Kxf2 Kc5 61. h4 Kb5 62. h5 Kc5 63. h6 Kc6 64. h7 Kb7 65. Re7+ Ka6
66. Kf3 Kb5 67. h8=Q Kc6 68. Qc8+ Kb5 69. Re5# {Hossa checkmated} 1-0

[Event "ICS rated blitz match"]
[Site "204.178.125.65"]
[Date "1999.08.12"]
[Round "?"]
[White "Hossa"]
[Black "MissSilicon"]
[Result "0-1"]
[WhiteElo "2439"]
[BlackElo "2677"]
[PlyCount "112"]
[EventDate "1999.??.??"]

1. d4 Nf6 2. c4 g6 3. Nc3 d5 4. e3 Bg7 5. Nf3 O-O 6. b3 c5 7. Ne5 Nc6 8. Bb2
dxc4 9. Nxc6 bxc6 10. Bxc4 cxd4 11. exd4 Nd5 12. O-O Nb6 13. Ne4 Nxc4 14. bxc4
Be6 15. Qd3 Bf5 16. Rab1 e5 17. d5 Qa5 18. a3 cxd5 19. cxd5 Rab8 20. Rfd1 Rb5
21. f3 Rfb8 22. Rd2 Bf8 23. d6 Rb3 24. Qe2 Bxe4 25. fxe4 Bxd6 26. Rbd1 Bxa3 27.
Bxa3 Qxa3 28. Qf1 Rb2 29. Kh1 Rxd2 30. Rxd2 Qa6 31. Qd1 Rb4 32. Rd7 Rxe4 33.
Qg1 Ra4 34. Rd8+ Kg7 35. Rd1 Qb6 36. Qf1 Qf6 37. Qb5 Qf4 38. Rf1 Ra5 39. Qb1
Qe3 40. Qc2 Rc5 41. Qd1 Qd4 42. Qf3 Qf4 43. Qd1 Qc4 44. h3 Rc6 45. Qa1 Qc5 46.
Qa4 h5 47. Rd1 Qb6 48. Qe4 Qc7 49. g4 Rc4 50. Qg2 Rc2 51. Qf1 e4 52. Qg1 e3 53.
Rd5 Qf4 54. Qa1+ Kh7 55. Qh8+ Kxh8 56. Rf5 56... Qh2# {Hossa checkmated} 0-1

[Event "ICS rated blitz match"]
[Site "204.178.125.65"]
[Date "1999.08.12"]
[Round "?"]
[White "Hossa"]
[Black "occam"]
[Result "0-1"]
[WhiteElo "2433"]
[BlackElo "2525"]
[PlyCount "110"]
[EventDate "1999.??.??"]

1. e4 c5 2. Nf3 d6 3. d4 cxd4 4. Qxd4 Nc6 5. Bb5 Nf6 6. Bg5 Bd7 7. Bxc6 Bxc6 8.
Bxf6 gxf6 9. O-O Bg7 10. Nc3 O-O 11. Qd3 Kh8 12. Nd4 Bd7 13. Rfd1 Rg8 14. Qc4
Qe8 15. Qb3 b5 16. f3 Rb8 17. Nd5 Rc8 18. c3 Rc4 19. Ne3 Ra4 20. Qd5 Bh6 21.
Nf1 Rg5 22. Qb3 Qg8 23. Ng3 Ra5 24. Qc2 Ra6 25. Qe2 Rb6 26. Ngf5 Bf8 27. f4 Rg6
28. Ne3 a5 29. Rd2 Rb8 30. Nd5 Rh6 31. f5 e6 32. Nc7 b4 33. fxe6 fxe6 34. cxb4
Rxb4 35. Na6 Rb6 36. Rf1 e5 37. Nf5 Bxf5 38. Rxf5 Qf7 39. Qf1 Qa7 40. Rxf6
Rxb2+ 41. Kh1 Rxd2 42. Rxf8+ Kg7 43. Rc8 Rf6 44. Qe1 Rdf2 45. Qg1 Qxa6 46. Rc7+
Kg6 47. Rc1 Rf1 48. Rxf1 Rxf1 49. h4 Rxg1+ 50. Kxg1 Qe2 51. g4 Qxa2 52. h5+ Kg5
53. h6 Kxg4 54. Kf1 Kf3 55. Ke1 55... Qe2# {Hossa checkmated} 0-1